000 01102nam a2200289Ia 4500
001 ebr10348491
003 CaPaEBR
006 m u
007 cr cn|||||||||
008 090324s2009 ctu sb 001 0 eng d
010 _z 2009012342
020 _z9780300149890 (cloth : alk. paper)
040 _aCaPaEBR
_cCaPaEBR
035 _a(OCoLC)707080649
050 1 4 _aBL475.7
_b.A53 2009eb
100 1 _aAnderson, Gary A.,
_d1955-
245 1 0 _aSin
_h[electronic resource] :
_ba history /
_cGary A. Anderson.
260 _aNew Haven, CT :
_bYale University Press,
_c2009.
300 _axv, 253 p.
504 _aIncludes bibliographical references and indexes.
533 _aElectronic reproduction.
_bPalo Alto, Calif. :
_cebrary,
_d2010.
_nAvailable via World Wide Web.
_nAccess may be limited to ebrary affiliated libraries.
650 0 _aSin.
650 0 _aTheological anthropology.
655 7 _aElectronic books.
_2local
710 2 _aebrary, Inc.
856 4 0 _uhttp://site.ebrary.com/lib/rucke/Doc?id=10348491
_zAn electronic book accessible through the World Wide Web; click to view
999 _c31698
_d31698